000 00395nam a22001577a 4500
020 _a9788185873350
082 _a631.587
_bKAD/AG
100 _aKadam, U.S
245 _aAgricultural drainage: principles and practices
260 _aNew Delhi
_bWestville Publishing House
_c2008
300 _a540
700 _aThokal, R.T
700 _aGorantiwar, S.D
700 _aPowar, A.G
942 _cREF
999 _c13658
_d13658